000 00778nam a2200253Ia 4500
003 OSt
005 20221005063921.0
006 a|||||r|||| 00| 0
007 ta
008 221004b |||||||| |||| 00| 0 eng d
020 _a9788178299495 (hbk)
_c595
024 _a98352
037 _b011, 02/09/2009, Independent Publishers Group
_cTextual
040 _aCRL
_cCRL
_beng
041 _2eng
_aeng
082 _aX.49G, P9
100 _aYong Tan Tai Ed.
_930643
245 0 _aSocio-political and economic challenges in South Asia
260 _aLos
_bAngeles Sage USA
_c2009
300 _axix,169p.
_ccm.
650 _aECONOMICS
942 _hX.49G, P9
_cTEXL
_2cc
999 _c972120
_d972120